Juan Ramón Jiménez. (Record no. 70662)

MARC details
000 -LEADER
campo de control de longitud fija 00507nam a2200181 i 4500
001 - NÚMERO DE CONTROL
campo de control 70662
003 - IDENTIFICADOR DE NÚMERO DE CONTROL
campo de control ES-MaACL
005 - FECHA Y HORA DE LA ÚLTIMA TRANSACCIÓN
campo de control 20240418063109.0
007 - CAMPO FIJO DE DESCRIPCIÓN FÍSICA--INFORMACIÓN GENERAL
campo de control de longitud fija t|
008 - DATOS DE LONGITUD FIJA--INFORMACIÓN GENERAL
campo de control de longitud fija 040729s1958 sp ||||1| spa d
100 1# - ENTRADA PRINCIPAL--NOMBRE DE PERSONA
Nombre de persona Garfias, Francisco,
Fechas asociadas al nombre 1921-2010
9 (RLIN) 55528
245 10 - MENCIÓN DEL TÍTULO
Título Juan Ramón Jiménez.
250 ## - MENCION DE EDICION
Mención de edición [1ª ed.].
260 ## - PUBLICACIÓN, DISTRIBUCIÓN, ETC.
Lugar de publicación, distribución, etc. Madrid :
Nombre del editor, distribuidor, etc. Taurus,
Fecha de publicación, distribución, etc. [1958] (
Fabricante Nuevas Gráficas)
300 ## - DESCRIPCIÓN FÍSICA
Extensión 264 p., 12 lám. ;
Dimensiones 21 cm.
852 ## - LOCALIZACIÓN
Ubicación ES-MaACL
Número de control de estantería C-17644
Sublocalización o colección R.45361
Holdings
Estatus retirado Estado de pérdida Estado de daño No para préstamo Biblioteca de origen Biblioteca actual Ubicación en estantería Fecha de adquisición Fuente de adquisición Total de préstamos Signatura topográfica completa Código de barras Visto por última vez Precio de reemplazo Tipo de ítem Koha
        Biblioteca del Ateneo de Madrid Biblioteca del Ateneo de Madrid Galería 17/01/2008     C-17644 1073989 23/02/2023 23/02/2023 Libro impreso